An analog of the Fourier transform associated with a nonlinear one-dimensional Schrödinger equation (Запись № 2591788)

Подробности
000 -МАРКЕР
контрольное поле 01755nam0a2200337 4500
001 - ИДЕНТИФИКАТОР ЗАПИСИ
контрольное поле RU\NLR\b_ik\92120
005 - ИДЕНТИФИКАТОР ВЕРСИИ
контрольное поле 20260408172843.0
035 ## - ДРУГИЕ СИСТЕМНЫЕ НОМЕРА
Идентификатор записи (NLR Aleph) 002166170
100 ## - ДАННЫЕ ОБЩЕЙ ОБРАБОТКИ
Данные общей обработки 20021028d2001 u y0rusy50 ca
101 0# - ЯЗЫК РЕСУРСА
Язык текста, звукозаписи и т.д. английский
Язык резюме русский
102 ## - СТРАНА ПУБЛИКАЦИИ ИЛИ ПРОИЗВОДСТВА
Страна публикации российская федерация
105 ## - ПОЛЕ КОДИРОВАННЫХ ДАННЫХ: ТЕКСТОВЫЕ МАТЕРИАЛЫ, МОНОГРАФИЧЕСКИЕ
Кодированные данные о монографическом текстовом документе y |||||||||
200 1# - ЗАГЛАВИЕ И СВЕДЕНИЯ ОБ ОТВЕТСТВЕННОСТИ
Основное заглавие An analog of the Fourier transform associated with a nonlinear one-dimensional Schrödinger equation
Первые сведения об ответственности P.E. Zhidkov
210 ## - ПУБЛИКАЦИЯ, РАСПРОСТРАНЕНИЕ И ДР.
Место издания, распространения и т.д. Дубна
Имя издателя, распространителя и т. д. Объед. ин-т ядер. мсслед.
Дата издания, распространения и т.д. 2001
215 ## - ФИЗИЧЕСКАЯ ХАРАКТЕРИСТИКА
Специфическое обозначение материала и объем 22 с.
Размеры 22
225 1# - СЕРИЯ
Основное заглавие серии Объединенный институт ядерных исследований, Дубна
Обозначение тома E5-2001-63
300 ## - ОБЩИЕ ПРИМЕЧАНИЯ
Текст примечания На 3-й с. обл.: Аналог преобразования Фурье, связанный с нелинейным одномерным уравнением Шредингера / Жидков П.Е.
300 ## - ОБЩИЕ ПРИМЕЧАНИЯ
Текст примечания Рез. на рус. яз.
320 ## - ПРИМЕЧАНИЯ О НАЛИЧИИ В ДОКУМЕНТЕ БИБЛИОГРАФИИ / УКАЗАТЕЛЯ
Текст примечания Библиогр.: с. 22 (9 назв.)
517 0# - ДРУГИЕ ВАРИАНТЫ ЗАГЛАВИЯ
Вариант заглавия Аналог преобразования Фурье, связанный с нелинейным одномерным уравнением Шредингера
606 0# - НАИМЕНОВАНИЕ ТЕМЫ КАК ПРЕДМЕТ
Наименование темы Уравнения Шредингера нелинейные
Системный номер авторитетной/нормативной записи 2084051
Идентификатор авторитетной/нормативной записи RU\NLR\AUTH\661260128
606 0# - НАИМЕНОВАНИЕ ТЕМЫ КАК ПРЕДМЕТ
Наименование темы Шредингера нелинейное уравнение
Системный номер авторитетной/нормативной записи 2186501
Идентификатор авторитетной/нормативной записи RU\NLR\AUTH\661314588
606 0# - НАИМЕНОВАНИЕ ТЕМЫ КАК ПРЕДМЕТ
Наименование темы Фурье преобразования
Системный номер авторитетной/нормативной записи 2216316
Идентификатор авторитетной/нормативной записи RU\NLR\AUTH\661331102
606 ## - НАИМЕНОВАНИЕ ТЕМЫ КАК ПРЕДМЕТ
Наименование темы Преобразования (мат.) Фурье
Идентификатор авторитетной/нормативной записи RU\NLR\AUTH\66725661
Системный номер авторитетной/нормативной записи 1640904
686 1# - ИНДЕКСЫ ДРУГИХ КЛАССИФИКАЦИЙ
Индекс В314.1
700 #1 - ИМЯ ЛИЦА - ПЕРВИЧНАЯ ОТВЕТСТВЕННОСТЬ
Начальный элемент ввода Židkov
Часть имени, кроме начального элемента ввода P. E.
Расширение инициалов личного имени Petr Evgen'evič
Код отношения Автор
801 #0 - ИСТОЧНИК ЗАПИСИ
Страна российская федерация
Организация NLR
Дата составления 20021028
Правила каталогизации PSBO
942 ## - ДОПОЛНИТЕЛЬНЫЕ ЭЛЕМЕНТЫ ЗАПИСИ (АБИС)
Тип экземпляра АБИС Книга
980 ## - КОЛЛЕКЦИЯ
Название коллекции Национальная библиография
Экземпляры
Тип экземпляра Дата поступления Источник поступления Библиотека постоянного хранения Библиотека текущего хранения Место хранения Шифр хранения Штрих-код Статус не для выдачи Публичное примечание
Книга 28.10.2002 Обязательный экземпляр РНБ (Московский) РНБ (Московский) Иностранный книжный фонд Ик 2002-6/46 1005402   ;